| 000 | 00747nam a22002297a 4500 | ||
|---|---|---|---|
| 003 | UA-OsUOA | ||
| 001 | 49882 | ||
| 007 | ta | ||
| 008 | 20140205b un ||||| |||| 00| 0 ukr d | ||
| 090 |
_a82-92 _bГ34 |
||
| 942 | _cBK | ||
| 040 |
_aUA-OsUOA _bukr _cUA-OsUOA _dUA-OsUOA |
||
| 245 |
_aГенерал Петро Григоренко: Спогади, статті, матеріали _cупор. О. Обертас |
||
| 300 | _a832 с. | ||
| 955 | _a1 | ||
| 041 | _aukr | ||
| 080 | _a82-92 | ||
| 260 |
_aК. _bСмолоскип _c2008 |
||
| 650 | 7 |
_a82 Література. Літературознавство _2UDC |
|
| 999 |
_c430008 _d430008 |
||